[Event "PNWCC Online blitz JP 9th"]
[Site "Chess.com INT"]
[Date "2020.05.09"]
[Round "4"]
[White "Tansen, Narein"]
[Black "Turgut, Tansel"]
[Result "1-0"]
[WhiteElo "1342"]
[BlackElo "2211"]
[PlyCount "25"]
[EventDate "2020.05.09"]
[EventType "swiss (blitz)"]
[EventRounds "11"]
[EventCountry "USA"]
[SourceTitle "CBM 196 Extra"]
[Source "ChessBase"]
[SourceDate "2020.07.31"]
[SourceVersion "1"]
[SourceVersionDate "2020.07.31"]
[SourceQuality "1"]

1. d4 d5 2. c4 e6 3. Nc3 Nf6 4. Nf3 Be7 5. Bg5 c6 6. e3 Nbd7 7. Qc2 h6 8. cxd5 hxg5 9. dxe6 fxe6 10. Qg6+ Kf8 11. Nxg5 Qe8 12. Nxe6+ Kg8 13. Qxg7# 1-0